Anthologia. tomo 1 /

Guardado en:
Autor Principal: Bonada, Francisco Maria
Formato: Libro
Publicado: Romae : Jofephum Collini & Benedictum Francefi, 1751
Materias:
Etiquetas: Agregar Etiqueta
Sin Etiquetas, Sea el primero en etiquetar este registro!
LEADER 00524nam a22001575a 4500
001 EHU.bham018213
003 AR-BHAM
005 20101029155048.0
008 130507s1751##################000#0#####d
082 8 7 |a 870 
100 1 |a Bonada, Francisco Maria 
245 1 0 |a Anthologia. tomo 1 /  |c Francisco Maria Bonada 
260 |a Romae :  |b Jofephum Collini & Benedictum Francefi,  |c 1751 
500 |a Material De Consulta Restringida 
653 |a Literatura latina 
859 |a AR-BHAM  |b BIB. HUMANIDADES - Arturo Marasso  |h 870  |i AN88  |p 104.57  |t Ej.1  |v I M-A  |3 I